| 000 | 00380nam a2200145 a 4500 | ||
|---|---|---|---|
| 001 | 886 | ||
| 003 | CDMR | ||
| 005 | 20130308110618.0 | ||
| 008 | 130130s1995||||||||||||||||||||||||||||d | ||
| 040 |
_aCDMR _bcat _cCPC LLEIDA |
||
| 100 | 1 |
_aPalou, Josep _9693 |
|
| 245 | 1 | 3 |
_aEl club esportiu Huracans 1941-1991 _cPALOU, Josep |
| 260 |
_aLleida _c1995 _bAjuntament de Lleida |
||
| 942 |
_cMON _2udc |
||
| 999 |
_c886 _d886 |
||